00324nam a2200121Ia 4500008004100000041000800041082001600049100002000065245003700085260003300122300003300155365001400188240624s9999 xx 000 0 und d aeng a658.404 MAN aMANTEL SAMUEL J aPROJECT MANAGEMENT CORE TEXTBOOK c2009aNew DelhibWiley India axviii, : 386 : p. : cm. ; 25 cRSb33.33